Barroco novohispano : arte, teología, filosofía /

Gespeichert in:
Bibliographische Detailangaben
1. Verfasser: Lizaola, Julieta (coordinación)
Weitere Verfasser: Soto Rangel, Laura A. (prólogo) (prólogo)
Format: Buch
Sprache:Spanisch
Veröffentlicht: México : UNAM, Facultad de Filosofía y Letras, 2025, c2025
Schriftenreihe:(Heúresis)
Schlagworte:
Tags: Tag hinzufügen
Keine Tags, Fügen Sie das erste Tag hinzu!

MARC

LEADER 00000nam^a2200000^a^4500
001 000626386
005 20260109000000.0
009 20260310134033.606
020 |a 978-607-30-8169-6 
037 |a Acervo ITESO - Biblioteca 
041 |a ESP 
082 |a 972. 03  |b LIZ 
100 |a Lizaola, Julieta  |e (coordinación) 
245 1 0 |a Barroco novohispano :  |b arte, teología, filosofía /  |c Cood. de J. Lizaola... [et al.] ; pról. de L.A. Soto Rangel. 
264 4 |a México :  |b UNAM, Facultad de Filosofía y Letras,  |c 2025, c2025 
300 |a 376 p. 
336 |a texto  |b txt  |2 rdacontenido 
337 |a sin mediación  |b n  |2 rdamedio 
338 |a volumen  |b nc  |2 rdasoporte 
440 1 |a (Heúresis) 
521 |a FIL 2025 DIA 
649 |a XX 
650 |a Arte Barroco -  |x Historia y Crítica 
650 |a Arte Virreinal -  |z México -  |x Historia y Crítica 
650 |a Arte Español -  |x Historia y Crítica 
650 |a Arte Mexicano -  |x Historia y Crítica 
650 |a Literatura Barroca -  |z México 
650 |a Literatura Mexicana -  |x Historia y Crítica 
650 |a Estética -  |z México -  |x Historia -  |y Virreinato, 1535-1821 
650 |a Teología Doctrinal -  |z México -  |x Historia -  |y Virreinato, 1535-1821 
650 |a Filosofía -  |z México -  |x Historia -  |y Virreinato, 1535-1821 
650 |a México -  |x Historia -  |y Siglo XVII 
650 |a México -  |x Historia -  |y Virreinato, 1535-1821 
650 |a México -  |x Historia -  |y Epoca Colonial, 1517-1821 
600 |a Cruz, Juana Inés de la,  |c Sor 
600 |a Gracián, Baltasar 
650 |a Millares Carlo, Agustín 
650 |a Sigüenza y Góngora, Carlos de 
650 |a Vives, Juan Luis 
700 |a Soto Rangel, Laura A.  |e (prólogo) 
910 |a Fondo General 
920 |a Impresos - Libros 
930 |a Colección General 
905 |a 101 
901 |a 626436-10  |b IT1  |c ACC  |i C191479  |u 20260109 
902 |a https://opac.biblio.iteso.mx/vufind/Record/000626386